Problem book in relativity and gravitation / (Record no. 30215)
[ view plain ]
| 000 -LEADER | |
|---|---|
| fixed length control field | 00583 a2200169 4500 |
| 020 ## - INTERNATIONAL STANDARD BOOK NUMBER | |
| International Standard Book Number | 069108162X |
| 020 ## - INTERNATIONAL STANDARD BOOK NUMBER | |
| International Standard Book Number | 9780691081625 |
| 082 04 - DEWEY DECIMAL CLASSIFICATION NUMBER | |
| Classification number | 530.1 |
| 090 ## - LOCALLY ASSIGNED LC-TYPE CALL NUMBER (OCLC); LOCAL CALL NUMBER (RLIN) | |
| -- | 1606 |
| -- | 1606 |
| 100 1# - MAIN ENTRY--PERSONAL NAME | |
| Personal name | Lightman, A. |
| 245 10 - TITLE STATEMENT | |
| Title | Problem book in relativity and gravitation / |
| Statement of responsibility, etc. | A. Lightman, R. H. Price. |
| 260 ## - PUBLICATION, DISTRIBUTION, ETC. | |
| Place of publication, distribution, etc. | [S.l.] : |
| Name of publisher, distributor, etc. | Princeton University Press, |
| Date of publication, distribution, etc. | 1975. |
| 300 ## - PHYSICAL DESCRIPTION | |
| Extent | 616 p. ; |
| Dimensions | 23 cm. |
| 700 1# - ADDED ENTRY--PERSONAL NAME | |
| Personal name | Price, R. H. |
| 942 ## - ADDED ENTRY ELEMENTS (KOHA) | |
| Institution code [OBSOLETE] | SNS |
| Koha item type | Book |
| Call number prefix | 530.1 LIG |
| Withdrawn status | Lost status | Damaged status | Not for loan | Permanent Location | Current Location | Date acquired | Total Checkouts | Full call number | Barcode | Date last seen | Date last checked out | Price effective from | Koha item type |
|---|---|---|---|---|---|---|---|---|---|---|---|---|---|
| School of Natural Sciences (SNS) | School of Natural Sciences (SNS) | 05/26/2016 | 1 | 530.1 LIG | SNS0000639 | 12/26/2017 | 12/08/2017 | 05/26/2016 | Book |
